100 Biggest Cities of Poland on a Map - Statistics

General Stats
  • This quiz has been taken 365 times
  • The average score is 44 of 100
Answers on the Map
Answers color-coded by a green-red scale on the quiz's map according to % correct below.
 
Answer Stats
Population City % Correct
487,371 Gdańsk
99%
806,201 Kraków
99%
1,861,599 Warsaw [Warszawa]
99%
652,015 Łódź [Łódzkiez]
94%
538,439 Poznań
94%
673,743 Wrocław
92%
279,190 Katowice
91%
329,565 Lublin
83%
241,189 Gdynia
82%
389,066 Szczecin
79%
291,688 Białystok
78%
326,434 Bydgoszcz
71%
205,969 Częstochowa
66%
194,771 Toruń
64%
196,005 Radom
63%
197,268 Rzeszów
61%
182,295 Kielce
60%
126,077 Opole
60%
167,311 Olsztyn
58%
169,915 Gliwice
57%
138,932 Zielona Góra
56%
165,766 Bielsko-Biała
55%
112,923 Elbląg
54%
147,759 Bytom
53%
68,231 Suwałki
52%
153,838 Zabrze
52%
105,540 Koszalin
51%
187,115 Sosnowiec
51%
111,190 Płock
50%
115,247 Gorzów Wielkopolski
48%
103,129 Tarnów
48%
122,045 Tychy
48%
91,948 Legnica
47%
100,593 Chorzów
46%
75,124 Jelenia Góra
46%
100,294 Wałbrzych
46%
93,137 Kalisz
45%
43,426 Kołobrzeg
45%
80,358 Nowy Sącz
45%
100,807 Włocławek
45%
59,759 Ełk
44%
67,378 Inowrocław
44%
67,620 Lubin
44%
56,050 Przemyśl
44%
130,887 Rybnik
43%
85,504 Słupsk
43%
130,302 Ruda Śląska
42%
57,214 Chełm
41%
58,231 Zamość
41%
67,066 Konin
40%
70,054 Piła
40%
59,711 Łomża
39%
113,460 Dąbrowa Górnicza
38%
60,051 Leszno
38%
69,260 Ostrów Wielkopolski
38%
66,604 Stargard Szczeciński
38%
62,049 Głogów
36%
65,461 Pruszków
36%
88,658 Grudziądz
34%
75,297 Siedlce
34%
56,936 Tczew
34%
63,549 Gniezno
33%
66,519 Piotrków Trybunalski
33%
43,712 Tarnobrzeg
33%
52,630 Legionowo
31%
61,774 Żory
31%
54,453 Biała Podlaska
30%
82,301 Jastrzębie-Zdrój
29%
44,060 Krosno
29%
56,972 Mielec
29%
49,650 Racibórz
29%
71,280 Mysłowice
28%
48,229 Ostrołęka
28%
52,331 Bełchatów
27%
86,812 Jaworzno
27%
54,387 Kędzierzyn-Koźle
27%
62,093 Ostrowiec Świętokrzyski
27%
53,316 Rumia
27%
55,127 Stalowa Wola
27%
45,295 Starogard Gdański
27%
52,874 Świdnica
27%
46,097 Wejherowo
27%
60,598 Pabianice
26%
45,184 Skierniewice
26%
61,321 Tarnowskie Góry
26%
57,438 Tomaszów Mazowiecki
26%
53,848 Będzin
25%
43,895 Otwock
25%
53,543 Zgierz
25%
42,986 Dębica
23%
51,971 Piaseczno
23%
51,707 Piekary Śląskie
23%
43,860 Puławy
23%
63,401 Siemianowice Śląskie
23%
44,833 Wodzisław Śląski
22%
45,365 Marki
21%
44,416 Starachowice
21%
45,347 Ząbki
21%
45,434 Świętochłowice
20%
46,106 Zawiercie
20%
No matching quizzes found
Score Distribution
Percent of People with Each Score
Percentile by Number Answered
Your Score History
You have not taken this quiz